• 首页
  • 本馆介绍
  • 公告通知
  • 最新文献
  • 馆藏检索
  • 电子资源
  • 读者导购
  • 参考咨询
  • 我的图书馆
  • 登录
  • 详细信息显示
  • 放入我的书架
  • 预约/预借图书
  • 作者相关作品
  • 分类相关作品
  • 丛书相关作品
  • 出版社相关作品

书目信息

  • 表格格式
  • 工作单格式
  • 卡片格式
题名:
数学分析习题解析
    
 
作者: 任亲谋 主编 ;阎恩让 编
分册: 上册  
出版信息: 西安   陕西师范大学出版社  2004
页数: 441页
开本: 20cm
丛书名: 高等学校经典教材辅导丛书
单 册:
中图分类: O17-44
科图分类:
主题词: 数学分析--高等学校--习题 , 数学分析
电子资源:
ISBN: 7-5613-0994-5
000 01017oam2 2200289 450
001 060000026563
005 20070113145252.32
010    @a7-5613-0994-5@dCNY35.00(全2册)
100    @a20050418d2004 ekmy0chiy0120 ea
101 0  @achi
102    @aCN@b610000
105    @ay z 000yy
200 1  @a数学分析习题解析@9shu xue fen xi xi ti jie xi@h上册@f任亲谋主编@Fren qin mou zhu bian@g阎恩让等编
210    @a西安@c陕西师范大学出版社@d2004
215    @a441页@d20cm
225 2  @a高等学校经典教材辅导丛书
300    @a华东师大第三版
330    @a本书的主体内容是华东师范大学编写的《数学分析》(上、下册)教材(第三版)的全部习题的详细解答。其中,约有1/3的习题不仅给出了解答,而且给出“解前分析”和“解后回顾”。
410  0 @12001 @a高等学校经典教材辅导丛书
606 0  @a数学分析@x高等学校@x习题
606 0  @a数学分析
690    @aO17-44@v4
701  0 @a任亲谋@Aren qin mou@4主编
702  0 @a阎恩让@Ayan en rang@4编
801  0 @aCN@bCXYBOOK@c20070113
905    @a10447@dO17-44@e83:1
999    @aZXL@eDF
    
    数学分析习题解析.上册/任亲谋主编/阎恩让等编.-西安:陕西师范大学出版社,2004
    441页;20cm.-(高等学校经典教材辅导丛书)
    华东师大第三版
    
    ISBN 7-5613-0994-5:CNY35.00(全2册)
    本书的主体内容是华东师范大学编写的《数学分析》(上、下册)教材(第三版)的全部习题的详细解答。其中,约有1/3的习题不仅给出了解答,而且给出“解前分析”和“解后回顾”。
●
相关链接 在E读中查询图书 在五车中查询图书 在当当中查询图书 在豆瓣中查询图书


正题名:数学分析习题解析     索取号:O17-44/83:1         预约/预借

序号 登录号 条形码 馆藏地/架位号 状态 备注
1 0367772   203677725   第二样本阅览室/ [索取号:O17-44/83:1] 在馆    
2 0367773   203677734   第三借阅区/ [索取号:O17-44/83:1] 在馆    
3 0367774   203677743   第三借阅区/ [索取号:O17-44/83:1] 在馆    
4 0367775   203677752   第三借阅区/ [索取号:O17-44/83:1] 在馆    
5 0367776   203677761   第三借阅区/ [索取号:O17-44/83:1] 在馆    
6 0616793   206167930   第三借阅区/ [索取号:O17-44/83:1] 在馆    
7 0616794   206167949   第三借阅区/ [索取号:O17-44/83:1] 在馆    
8 0616795   206167958   第三借阅区/ [索取号:O17-44/83:1] 在馆    
9 0616796   206167967   第三借阅区/ [索取号:O17-44/83:1] 在馆    
10 0616797   206167976   第三借阅区/ [索取号:O17-44/83:1] 在馆    
11 0616798   206167985   第三借阅区/ [索取号:O17-44/83:1] 在馆    
12 0616799   206167994   第三借阅区/ [索取号:O17-44/83:1] 在馆    
13 0616800   206168001   第三借阅区/ [索取号:O17-44/83:1] 在馆    
唐山师范学院图书馆 欢迎您!
大连网信软件有限公司© 版权所有